000 00322nam a2200133 i 4500
001 bg
100 1 _aMOSKWITIN, W. W.
245 0 _aSoprotiwlenie wjazko-uprugich materialow /
_cW.W. Moskwitin.
260 _aMoskwa,
_c1972.
040 _cBPK
041 _apol
942 _cKS
008 s pl f |000 0 pol
999 _c15033
_d15033
856 _uhttp://koha.tu.koszalin.pl/cgi-bin/koha/opac-detail.pl?biblionumber=15033
_yKatalog online BPK